[Event "12ème Open International de NANTES"]
[Site "Nantes - France"]
[Date "2013.12.27"]
[Round "1.1"]
[White "Lambert, Romain"]
[Black "Le Roux, Jean-Pierre"]
[Result "0-1"]
[WhiteElo "2085"]
[BlackElo "2568"]
[PlyCount "30"]
[EventDate "2013.??.??"]

1. d4 Nf6 2. c4 e6 3. Nc3 Bb4 4. Qc2 d6 5. Nf3 O-O 6. Bd2 Nbd7 7. e3 b6 8. Bd3
Bb7 9. a3 Bxc3 10. Bxc3 c5 11. O-O Rc8 12. Ng5 h6 13. Ne4 Bxe4 14. Bxe4 cxd4
15. Bxd4 d5 0-1

[Event "12ème Open International de NANTES"]
[Site "Nantes - France"]
[Date "2013.12.27"]
[Round "1.2"]
[White "Kunin, Vitaly"]
[Black "Picard, Remi"]
[Result "1-0"]
[WhiteElo "2552"]
[BlackElo "2057"]
[PlyCount "95"]
[EventDate "2013.??.??"]

1. d4 Nf6 2. c4 g6 3. Nc3 Bg7 4. e4 d6 5. Nge2 O-O 6. Ng3 c5 7. d5 e6 8. Be2
exd5 9. cxd5 Re8 10. h4 h5 11. Bg5 Qa5 12. Qd2 a6 13. a3 b5 14. Rc1 Nbd7 15. f3
Ne5 16. Bh6 Bh8 17. O-O c4 18. Nh1 Nfd7 19. Nf2 Nc5 20. Rcd1 Bd7 21. Be3 Qc7
22. Kh1 a5 23. Bxc5 Qxc5 24. f4 Ng4 25. Nxg4 hxg4 26. f5 Bxc3 27. bxc3 Rxe4 28.
fxg6 Qe3 29. gxf7+ Kg7 30. Qxe3 Rxe3 31. Rde1 Rf8 32. Bd1 Rxe1 33. Rxe1 Rxf7
34. Kh2 Kg6 35. Kg3 Kh5 36. Bc2 Bc8 37. Re8 Bf5 38. Bd1 Rb7 39. Rf8 Bd7 40. Bc2
Kh6 41. Rf6+ Kg7 42. Rxd6 Be8 43. Kxg4 b4 44. axb4 axb4 45. cxb4 Rxb4 46. h5
Rb2 47. h6+ Kh8 48. Be4 1-0

[Event "12ème Open International de NANTES"]
[Site "Nantes - France"]
[Date "2013.12.27"]
[Round "1.3"]
[White "Marchadour, Emilie"]
[Black "Lagarde, Maxime"]
[Result "0-1"]
[WhiteElo "2043"]
[BlackElo "2511"]
[PlyCount "60"]
[EventDate "2013.??.??"]

1. e4 g6 2. d4 Bg7 3. Nf3 d6 4. h3 a6 5. Nc3 Nd7 6. Be3 b5 7. a4 b4 8. Nd5 a5
9. c3 e6 10. Nf4 Bb7 11. cxb4 Bxe4 12. bxa5 Rxa5 13. b4 Ra8 14. Bd3 Bxd3 15.
Nxd3 Ne7 16. O-O O-O 17. Qd2 Nb6 18. a5 Nbd5 19. Bh6 Qd7 20. Bxg7 Kxg7 21. Rab1
Rfb8 22. Nh2 h5 23. g4 hxg4 24. Nxg4 Rh8 25. Kg2 Nf5 26. Nf4 Qc6 27. f3 Nfe3+
28. Nxe3 Nxf4+ 29. Kg3 Rxh3+ 30. Kxf4 e5+ 0-1

[Event "12ème Open International de NANTES"]
[Site "Nantes - France"]
[Date "2013.12.27"]
[Round "1.4"]
[White "Lalic, Bogdan"]
[Black "Primel, Dominique"]
[Result "1-0"]
[WhiteElo "2492"]
[BlackElo "2013"]
[PlyCount "79"]
[EventDate "2013.??.??"]

1. d4 Nf6 2. c4 e6 3. g3 d5 4. Bg2 dxc4 5. Nf3 a6 6. O-O Nc6 7. Nc3 Bb4 8. Bg5
h6 9. Bxf6 Qxf6 10. Rc1 O-O 11. Ne4 Qe7 12. Rxc4 Bd6 13. Qc2 Bd7 14. a3 Rab8
15. Rc1 Na7 16. Nc5 Nc8 17. Ne5 Bxe5 18. dxe5 Bb5 19. Rc3 Nb6 20. a4 Be8 21.
Qb3 a5 22. Nxb7 Nd5 23. Bxd5 exd5 24. Rxc7 Qxe5 25. Qc2 Qd4 26. Qc3 Qb6 27.
Nxa5 Qxb2 28. Nc6 Bxc6 29. Qxc6 Qxe2 30. Qxd5 Rbd8 31. Qb5 Rd1+ 32. Rxd1 Qxd1+
33. Kg2 h5 34. h4 Qd8 35. Rb7 g6 36. a5 Qd4 37. Qc6 Rd8 38. a6 Kg7 39. a7 Rd6
40. Qxd6 1-0

[Event "12ème Open International de NANTES"]
[Site "Nantes - France"]
[Date "2013.12.27"]
[Round "1.5"]
[White "Henno, Francois"]
[Black "Koziak, Vitali"]
[Result "0-1"]
[WhiteElo "1992"]
[BlackElo "2486"]
[PlyCount "78"]
[EventDate "2013.??.??"]

1. e4 e5 2. Nf3 Nc6 3. Bb5 a6 4. Ba4 Nf6 5. O-O Be7 6. c3 Nxe4 7. Re1 Nc5 8.
Bxc6 dxc6 9. Nxe5 Nd3 10. Nxd3 Qxd3 11. Qe2 Qxe2 12. Rxe2 c5 13. d4 cxd4 14.
cxd4 Be6 15. Nc3 Rd8 16. Be3 O-O 17. Ne4 Bd5 18. Nc3 Be6 19. Rd2 c6 20. a3 Bd5
21. b4 Bc4 22. Ne4 b5 23. Nc5 a5 24. Bf4 axb4 25. axb4 Ra8 26. Rdd1 Rfd8 27.
Rxa8 Rxa8 28. Re1 f6 29. h3 Kf7 30. Bc7 Ra2 31. Ba5 Rd2 32. Ne4 Rxd4 33. Bb6
Bxb4 34. Bxd4 Bxe1 35. Nd6+ Ke6 36. Nxc4 Kd5 37. Ne3+ Kxd4 38. Nc2+ Kc3 39.
Nxe1 b4 0-1

[Event "12ème Open International de NANTES"]
[Site "Nantes - France"]
[Date "2013.12.27"]
[Round "1.7"]
[White "Nicolleau, Mathias"]
[Black "Stets, Dmitry"]
[Result "0-1"]
[WhiteElo "1986"]
[BlackElo "2410"]
[PlyCount "36"]
[EventDate "2013.??.??"]

1. d4 Nf6 2. c4 g6 3. Nc3 Bg7 4. Nf3 O-O 5. Bg5 c5 6. e3 cxd4 7. Nxd4 Qa5 8.
Bxf6 Bxf6 9. Be2 Nc6 10. O-O Bg7 11. Nd5 Re8 12. Nb5 Rb8 13. Qb1 a6 14. Nbc7
Rd8 15. a3 Qd2 16. Bf3 Qxb2 17. Qd3 e6 18. Rab1 Qe5 0-1

[Event "12ème Open International de NANTES"]
[Site "Nantes - France"]
[Date "2013.12.27"]
[Round "1.9"]
[White "Le Pen, Steven"]
[Black "Bonn, Thomas"]
[Result "0-1"]
[WhiteElo "1956"]
[BlackElo "2284"]
[PlyCount "84"]
[EventDate "2013.??.??"]

1. e4 c5 2. Nf3 Nc6 3. d4 cxd4 4. Nxd4 g6 5. c4 Bg7 6. Be3 Nh6 7. Be2 O-O 8.
Nc3 f5 9. O-O f4 10. Nxc6 bxc6 11. Bd4 e5 12. Bc5 Rf6 13. b4 g5 14. f3 Nf7 15.
Bf2 h5 16. c5 Nh6 17. b5 Qe7 18. Nd5 Qe8 19. Nxf6+ Bxf6 20. bxc6 dxc6 21. Qd8
Bxd8 22. Bc4+ Kf8 23. Rfd1 Bc7 24. g3 Nf7 25. gxf4 exf4 26. Bd4 Ke7 27. Kf2 g4
28. fxg4 hxg4 29. Bxf7 Qxf7 30. Rab1 a5 31. a4 Ba6 32. Bc3 Ke6 33. Rg1 Rg8 34.
h4 Bd8 35. Rh1 Be7 36. Bd4 Bd3 37. Rbe1 Rd8 38. Bc3 Bxc5+ 39. Kg2 Be3 40. Rxe3
fxe3 41. Bxa5 Bxe4+ 42. Kg3 Ra8 0-1

[Event "12ème Open International de NANTES"]
[Site "Nantes - France"]
[Date "2013.12.27"]
[Round "1.10"]
[White "Le Ruyet, Leopold"]
[Black "Noulet, Jeremy"]
[Result "1-0"]
[WhiteElo "2259"]
[BlackElo "1943"]
[PlyCount "35"]
[EventDate "2013.??.??"]

1. d4 d5 2. c4 e6 3. Nc3 Nf6 4. Bg5 Nbd7 5. Nf3 Be7 6. e3 O-O 7. Qc2 a6 8. cxd5
exd5 9. Bd3 c6 10. g4 g6 11. Bh6 Re8 12. h4 Nxg4 13. h5 Nf8 14. hxg6 fxg6 15.
Bxf8 Bxf8 16. Bxg6 hxg6 17. Qxg6+ Bg7 18. Ng5 1-0

[Event "12ème Open International de NANTES"]
[Site "Nantes - France"]
[Date "2013.12.27"]
[Round "1.11"]
[White "Humeau, Mickael"]
[Black "Le Borgne, Pierre"]
[Result "0-1"]
[WhiteElo "1926"]
[BlackElo "2257"]
[Annotator "Violeau,Jean-Luc"]
[PlyCount "88"]
[EventDate "2013.??.??"]

1. b3 e5 2. Bb2 Nc6 3. g3 d5 4. Bg2 Be6 5. e3 Qd7 6. h3 Nge7 7. Ne2 O-O-O 8. d4
f6 9. Nd2 g6 10. a3 Bg7 11. Rb1 Rhe8 12. Kf1 Nf5 13. Nf3 h5 14. Qc1 Qf7 15. Ba1
Bh6 16. Qb2 g5 17. c4 g4 18. hxg4 hxg4 19. Nh4 Nxh4 20. Rxh4 Bg5 21. Rh1 Qg6
22. Rc1 exd4 23. Nxd4 Qd3+ 24. Qe2 {(=)} Qxe2+ 25. Nxe2 dxc4 26. bxc4 Na5 27.
Nd4 Bxc4+ 28. Kg1 Bg8 29. Bc3 Nc4 30. Rb1 c6 31. Bxc6 bxc6 32. Nxc6 Rd3 33.
Nxa7+ Kc7 34. Bd4 Nxa3 35. Rc1+ Kb7 36. Nc6 Nc4 37. Nb4 Rxd4 38. Rb1 Rd2 39.
Rh8 Red8 40. Nd5+ Rb2 41. Rxb2+ Nxb2 42. Ne7 Rd1+ 43. Kh2 Bd5 44. Rh7 Rh1# 0-1

[Event "12ème Open International de NANTES"]
[Site "Nantes - France"]
[Date "2013.12.27"]
[Round "1.12"]
[White "Le Goff, Ronan"]
[Black "Brard, Laurent"]
[Result "1-0"]
[WhiteElo "2189"]
[BlackElo "1890"]
[PlyCount "79"]
[EventDate "2013.??.??"]

1. d4 Nf6 2. Nf3 d5 3. g3 g6 4. Bg2 Bg7 5. c4 dxc4 6. O-O O-O 7. Nbd2 c5 8.
Nxc4 cxd4 9. Nxd4 Ng4 10. e3 Qc7 11. Qb3 Nc6 12. Nxc6 bxc6 13. Bd2 Rb8 14. Qa4
Bd7 15. Ba5 Qb7 16. Rad1 Ne5 17. Nxe5 Bxe5 18. b4 Rfc8 19. a3 Bd6 20. Qc2 Qa6
21. Qd2 Be6 22. Rb1 c5 23. Rfe1 Qb5 24. Bf1 Qa4 25. Ba6 c4 26. Qc3 Rc6 27. b5
Rc5 28. e4 Rh5 29. e5 Bc5 30. Bb4 Bxb4 31. Rxb4 Qa5 32. Rxc4 Rxb5 33. Bxb5 Qxb5
34. Rc5 Qb7 35. Rc7 Qd5 36. Qc5 Qf3 37. Rxe7 h6 38. Re8+ Kh7 39. Qf8 g5 40.
Qg8# 1-0

[Event "12ème Open International de NANTES"]
[Site "Nantes - France"]
[Date "2013.12.27"]
[Round "1.13"]
[White "Durand-Le Ludec, Brendan-Budok"]
[Black "Jaulin, Philippe"]
[Result "1/2-1/2"]
[WhiteElo "1890"]
[BlackElo "2181"]
[PlyCount "59"]
[EventDate "2013.??.??"]

1. e4 e6 2. d4 d5 3. Nc3 Bb4 4. exd5 Qxd5 5. Nf3 Bd7 6. Bd2 Bxc3 7. bxc3 Bb5 8.
Bxb5+ Qxb5 9. Rb1 Qa6 10. Qe2 Qxe2+ 11. Kxe2 b6 12. Bf4 Nf6 13. Kd3 c6 14. Bd6
Na6 15. a4 O-O-O 16. Be7 Rd7 17. Ba3 Ng4 18. Ke2 f6 19. h3 Nh6 20. Rhe1 Re8 21.
Kf1 Nf5 22. Re4 Nd6 23. Bxd6 Rxd6 24. c4 c5 25. c3 Kd7 26. a5 cxd4 27. cxd4 Rc8
28. axb6 axb6 29. Ra1 Nb4 30. Ra7+ 1/2-1/2

[Event "12ème Open International de NANTES"]
[Site "Nantes - France"]
[Date "2013.12.27"]
[Round "1.14"]
[White "Crouan, Stephane"]
[Black "Genereau, Thierry"]
[Result "1-0"]
[WhiteElo "2174"]
[BlackElo "1882"]
[PlyCount "49"]
[EventDate "2013.??.??"]

1. e4 c6 2. d4 d5 3. e5 Bf5 4. Nf3 e6 5. Be2 c5 6. Be3 Nc6 7. O-O cxd4 8. Nxd4
Nxd4 9. Bxd4 Ne7 10. Nd2 Nc6 11. Nb3 Be7 12. c3 O-O 13. Re1 f6 14. exf6 gxf6
15. Bg4 b6 16. Re3 Bd6 17. Bxf5 exf5 18. Qf3 Ne7 19. Re6 Ng6 20. Qxf5 Be5 21.
Re1 Re8 22. Bxe5 fxe5 23. Rxg6+ hxg6 24. Qxg6+ Kf8 25. Re3 1-0

[Event "12ème Open International de NANTES"]
[Site "Nantes - France"]
[Date "2013.12.27"]
[Round "1.15"]
[White "Giraud, Thierry"]
[Black "Marie, Maxime"]
[Result "0-1"]
[WhiteElo "1853"]
[BlackElo "2168"]
[PlyCount "60"]
[EventDate "2013.??.??"]

1. d4 Nf6 2. Bf4 e6 3. e3 Be7 4. Bd3 c5 5. c3 Nc6 6. Nd2 d6 7. Ngf3 Nh5 8. Bg3
a6 9. Qc2 b5 10. dxc5 dxc5 11. Bxh7 g6 12. Bxg6 Nxg3 13. fxg3 fxg6 14. Qxg6+
Kd7 15. O-O-O Kc7 16. Ne4 Qg8 17. Qxg8 Rxg8 18. h3 e5 19. g4 Be6 20. Kb1 a5 21.
Rd2 a4 22. Ng3 Na5 23. Rhd1 Nc4 24. Rd3 a3 25. bxa3 Rxa3 26. Nd2 Nb6 27. Nf3
Rxa2 28. R1d2 Rga8 29. Rxa2 Bxa2+ 30. Kc1 Bb3 0-1

[Event "12ème Open International de NANTES"]
[Site "Nantes - France"]
[Date "2013.12.27"]
[Round "1.16"]
[White "Hutois, Mickael"]
[Black "Aubry, Justin"]
[Result "1-0"]
[WhiteElo "2141"]
[BlackElo "1843"]
[PlyCount "47"]
[EventDate "2013.??.??"]

1. e4 c6 2. d4 d5 3. exd5 cxd5 4. Nf3 Nf6 5. Bd3 Nc6 6. c3 Bg4 7. O-O e6 8. Bg5
Qb6 9. Nbd2 Be7 10. Qb3 Qxb3 11. axb3 Bd6 12. b4 Nd7 13. Rfe1 O-O 14. b5 Nd8
15. Ne5 Nxe5 16. dxe5 Bc7 17. Be3 b6 18. Ra4 Bh5 19. f4 f6 20. exf6 gxf6 21.
Rea1 Rf7 22. Bf2 Bd6 23. Bxb6 Bxf4 24. Rxf4 1-0

[Event "12ème Open International de NANTES"]
[Site "Nantes - France"]
[Date "2013.12.28"]
[Round "2.1"]
[White "Le Roux, Jean-Pierre"]
[Black "Le Ruyet, Leopold"]
[Result "1-0"]
[WhiteElo "2568"]
[BlackElo "2259"]
[PlyCount "55"]
[EventDate "2013.??.??"]

1. d4 Nf6 2. Nf3 g6 3. Bg5 Ne4 4. Bh4 Bg7 5. e3 d5 6. Bd3 Bf5 7. O-O Nd7 8. c4
dxc4 9. Bxc4 c5 10. Nc3 Nxc3 11. bxc3 O-O 12. Qb3 Nb6 13. Be2 Qc7 14. Bg3 Qc8
15. Qa3 Re8 16. dxc5 Nd7 17. Bb5 e5 18. Rad1 e4 19. Nd4 Bg4 20. Rd2 Bf8 21. h3
a6 22. Bc4 Bxh3 23. Qb3 Ne5 24. Bd5 Bxc5 25. Bxb7 Qd7 26. Bxa8 Bxg2 27. Kxg2
Nf3 28. Nxf3 1-0

[Event "12ème Open International de NANTES"]
[Site "Nantes - France"]
[Date "2013.12.28"]
[Round "2.3"]
[White "Lagarde, Maxime"]
[Black "Le Goff, Ronan"]
[Result "1/2-1/2"]
[WhiteElo "2511"]
[BlackElo "2189"]
[PlyCount "114"]
[EventDate "2013.??.??"]

1. g3 d5 2. Bg2 Nf6 3. d3 c5 4. f4 Nc6 5. Nf3 g6 6. O-O Bg7 7. Nc3 O-O 8. e4
dxe4 9. dxe4 Qxd1 10. Rxd1 e5 11. Nd5 Bg4 12. Nxf6+ Bxf6 13. c3 Rad8 14. Be3 b6
15. h3 Be6 16. Bf1 Rxd1 17. Rxd1 Rd8 18. Ra1 exf4 19. gxf4 Na5 20. Nd2 Bg7 21.
Kf2 Kf8 22. a4 Bd7 23. Nc4 Nxc4 24. Bxc4 Bxh3 25. a5 Be6 26. Bxe6 fxe6 27. axb6
axb6 28. Ra6 Kf7 29. Rxb6 Bf8 30. Rb7+ Kg8 31. Ke2 h5 32. Bf2 Bh6 33. f5 gxf5
34. exf5 exf5 35. Bxc5 Rd2+ 36. Ke1 Rg2 37. Bf2 Rg4 38. Rb5 Rf4 39. Rb8+ Kh7
40. Rb7+ Kg8 41. Rb8+ Kh7 42. Bd4 Re4+ 43. Kf2 Rf4+ 44. Kg2 Rg4+ 45. Kh3 Bf4
46. Rb7+ Kh6 47. Rb6+ Kh7 48. Bf2 Be5 49. Re6 Bg7 50. Re2 Kg6 51. Rc2 Rc4 52.
Rd2 Rg4 53. Rd6+ Kf7 54. Rc6 Be5 55. b4 Rf4 56. Kg2 h4 57. Rh6 Bxc3 1/2-1/2

[Event "12ème Open International de NANTES"]
[Site "Nantes - France"]
[Date "2013.12.28"]
[Round "2.5"]
[White "Koziak, Vitali"]
[Black "Crouan, Stephane"]
[Result "1-0"]
[WhiteElo "2486"]
[BlackElo "2174"]
[PlyCount "71"]
[EventDate "2013.??.??"]

1. Nf3 c5 2. c4 Nf6 3. d4 e6 4. e3 g6 5. Nc3 Bg7 6. dxc5 Qa5 7. Bd2 Qxc5 8. Rc1
O-O 9. Bd3 a6 10. O-O d6 11. b4 Qc7 12. Qe2 b6 13. e4 Nfd7 14. Bf4 Bb7 15. Rfd1
Re8 16. a3 Ne5 17. Nxe5 Bxe5 18. Bxe5 dxe5 19. c5 bxc5 20. Na4 Nc6 21. Nxc5 Nd4
22. Qe3 Qe7 23. f4 Nc6 24. Nxb7 Qxb7 25. Qc5 Rec8 26. fxe5 Ne7 27. Qf2 Rxc1 28.
Rxc1 Qd7 29. Bf1 Nc6 30. b5 Nxe5 31. bxa6 Nd3 32. Rd1 Nxf2 33. Rxd7 Nxe4 34. a7
Kg7 35. Bb5 Rc8 36. h3 1-0

[Event "12ème Open International de NANTES"]
[Site "Nantes - France"]
[Date "2013.12.28"]
[Round "2.8"]
[White "Sentis, Maxime"]
[Black "Kurayan, Ruslan"]
[Result "0-1"]
[WhiteElo "1876"]
[BlackElo "2393"]
[PlyCount "60"]
[EventDate "2013.??.??"]

1. e4 c5 2. Nf3 d6 3. d4 cxd4 4. Qxd4 Nf6 5. e5 Nc6 6. Bb5 Qa5+ 7. Nc3 Qxb5 8.
Nxb5 Nxd4 9. Nfxd4 dxe5 10. Nc7+ Kd7 11. Nxa8 exd4 12. Bf4 e5 13. Bxe5 Bd6 14.
Bxd4 Re8+ 15. Be3 Ng4 16. O-O-O Nxe3 17. fxe3 Kc6 18. Rd3 Bf5 19. Rc3+ Kd7 20.
Rf1 Bg6 21. Rb3 Kc8 22. Rc3+ Kb8 23. Nb6 axb6 24. h3 Bc5 25. Rf3 f6 26. a3 Be4
27. Rf2 f5 28. Kd2 h5 29. Ke2 g5 30. Kf1 f4 0-1

[Event "12ème Open International de NANTES"]
[Site "Nantes - France"]
[Date "2013.12.28"]
[Round "2.9"]
[White "Otmani, Kamel"]
[Black "Durand-Le Ludec, Brendan-Budok"]
[Result "1-0"]
[WhiteElo "2105"]
[BlackElo "1890"]
[PlyCount "93"]
[EventDate "2013.??.??"]

1. d4 d5 2. c4 e6 3. Nc3 Nf6 4. Bg5 c6 5. Nf3 dxc4 6. a4 Bb4 7. e4 b5 8. Qc2 h6
9. Bd2 Bb7 10. e5 Nd5 11. Be2 a6 12. O-O Nxc3 13. bxc3 Be7 14. Qe4 Nd7 15. Rfb1
Qc8 16. Qg4 Kf8 17. Qh5 Nb6 18. Ng5 g6 19. Qh3 Kg7 20. Ne4 Nd5 21. Qg3 Qd7 22.
h4 h5 23. Bg5 Bxg5 24. Qxg5 Rab8 25. g3 Qe7 26. Qd2 Rbd8 27. Nc5 f6 28. exf6+
Nxf6 29. Qg5 Rd5 30. Qe3 Bc8 31. Bf3 Rd6 32. Re1 Rf8 33. Qg5 Nd5 34. Qe5+ Kh7
35. Bxd5 Rxd5 36. Qe4 Rdf5 37. f4 e5 38. Qxc6 R5f6 39. Qd5 Be6 40. Qxe5 Re8 41.
axb5 Qf7 42. bxa6 Bd7 43. Qc7 Rxe1+ 44. Rxe1 Bc6 45. Qd8 Qf8 46. Qxf8 Rxf8 47.
Re6 1-0

[Event "12ème Open International de NANTES"]
[Site "Nantes - France"]
[Date "2013.12.28"]
[Round "2.10"]
[White "Jaulin, Philippe"]
[Black "Lambert, Romain"]
[Result "1-0"]
[WhiteElo "2181"]
[BlackElo "2085"]
[PlyCount "99"]
[EventDate "2013.??.??"]

1. d4 d5 2. c4 dxc4 3. Nf3 Nf6 4. e3 Bg4 5. Bxc4 e6 6. Nbd2 a6 7. h3 Bh5 8. Be2
Nc6 9. O-O Bd6 10. Nc4 O-O 11. Nfe5 Bxe2 12. Qxe2 Qe8 13. Bd2 b5 14. Qf3 Nxd4
15. exd4 bxc4 16. Rac1 Rb8 17. Nxc4 Qa4 18. a3 Rb3 19. Qd1 Qb5 20. Bb4 Rxb4 21.
axb4 Bf4 22. Rc2 Nd5 23. g3 Bg5 24. h4 Bf6 25. Ne5 Qxb4 26. Nd7 Rd8 27. Nxf6+
Nxf6 28. Rxc7 Qxb2 29. Qd3 h5 30. Rb1 Qa2 31. Rbc1 g6 32. Rc8 Qd5 33. Qxa6 Kg7
34. Rxd8 Qxd8 35. Qc4 Qa5 36. Qc5 Qd2 37. Qc3 Qa2 38. Qc2 Qa5 39. Qc5 Qa2 40.
Qe5 Qa8 41. Re1 Qd8 42. Re3 Kg8 43. Rb3 Qe7 44. Rb8+ Kg7 45. d5 Qc5 46. Rd8 Qe7
47. Rd6 Kh7 48. dxe6 Ng4 49. Qd4 Qc7 50. exf7 1-0

[Event "12ème Open International de NANTES"]
[Site "Nantes - France"]
[Date "2013.12.28"]
[Round "2.11"]
[White "Picard, Remi"]
[Black "Collinet, Nicolas"]
[Result "1/2-1/2"]
[WhiteElo "2057"]
[BlackElo "1669"]
[Annotator "Violeau,Jean-Luc"]
[PlyCount "154"]
[EventDate "2013.??.??"]

1. e4 e5 2. Nf3 Nc6 3. Bb5 a6 4. Ba4 Nf6 5. d3 b5 6. Bb3 Be7 7. O-O O-O 8. Re1
d6 9. c3 Bg4 10. h3 Bxf3 11. Qxf3 Na5 12. Bc2 c5 13. Nd2 Nc6 14. Nf1 Ne8 15. a4
b4 16. Bb3 bxc3 17. bxc3 Bg5 18. Bxg5 Qxg5 19. Bd5 Rc8 20. Rab1 Qd8 21. Ne3 Nf6
22. Bc4 Ra8 23. Re2 Qc7 24. Reb2 Rfb8 25. Nf5 Rxb2 26. Rxb2 Na5 27. Ba2 Ne8 {
(=)} 28. Bd5 Rc8 29. Qg4 Kf8 30. Qh5 Nf6 31. Qg5 Ne8 {(=)} 32. Rb6 g6 33. Qh6+
Kg8 34. Qg5 Kh8 35. Nh6 f6 36. Qh4 Qxb6 37. Nf7+ Kg8 38. Nxd6+ Kh8 39. Nxc8 Qc7
40. Qg4 f5 41. exf5 Qxc8 42. Be6 Qd8 43. fxg6 hxg6 44. Qxg6 Nf6 45. Qh6+ Nh7
46. Bf5 Qe7 47. Bxh7 Qxh7 48. Qf6+ Kg8 49. Qd8+ Kg7 50. Qxa5 Qxd3 51. Qc7+ Kf6
52. Qxc5 Qd1+ 53. Kh2 Qxa4 54. Qd6+ Kf5 55. g4+ Kg5 56. Qxe5+ Kg6 57. Qf5+ Kg7
58. Qe5+ Kg6 59. Kg3 Qc4 60. Qe3 Qc7+ 61. f4 Qa5 62. h4 Qa1 63. h5+ Kg7 64.
Qe5+ Kf7 65. Kh4 a5 66. Kg5 Qa4 67. Qf6+ Kg8 68. h6 Qd7 69. f5 Kh7 70. Qg6+ Kh8
71. Qe6 Qc7 72. Qf6+ Kh7 73. Qg6+ Kh8 74. Qe8+ Kh7 75. Qh5 Qb7 76. Qg6+ Kh8 77.
Qf6+ Kh7 1/2-1/2

[Event "12ème Open International de NANTES"]
[Site "Nantes - France"]
[Date "2013.12.28"]
[Round "2.13"]
[White "Primel, Dominique"]
[Black "Le De, Brieuc"]
[Result "1-0"]
[WhiteElo "2013"]
[BlackElo "1648"]
[PlyCount "63"]
[EventDate "2013.??.??"]

1. Nf3 Nf6 2. c4 c5 3. Nc3 Nc6 4. d4 cxd4 5. Nxd4 g6 6. e4 d6 7. Be2 Bg7 8. Be3
O-O 9. O-O Bd7 10. Qd2 Re8 11. f3 a6 12. Rac1 Bc8 13. Rfd1 Nd7 14. Nb3 b6 15.
Nd5 Bb7 16. Bf1 Rb8 17. Qf2 Nc5 18. Nd4 e6 19. Nxc6 Bxc6 20. Nb4 Bb7 21. b3 Qc7
22. Kh1 Red8 23. Bf4 Rd7 24. Nd3 Rbd8 25. b4 Nxd3 26. Bxd3 Qc6 27. Be3 Rc8 28.
b5 Qc7 29. Bxb6 Qb8 30. a4 axb5 31. axb5 Bf8 32. Be2 1-0

[Event "12ème Open International de NANTES"]
[Site "Nantes - France"]
[Date "2013.12.28"]
[Round "3.1"]
[White "Stets, Dmitry"]
[Black "Le Roux, Jean-Pierre"]
[Result "1/2-1/2"]
[WhiteElo "2410"]
[BlackElo "2568"]
[PlyCount "74"]
[EventDate "2013.??.??"]

1. e4 g6 2. d4 d6 3. Nf3 Nf6 4. Nc3 Bg7 5. Bc4 O-O 6. Bb3 Nc6 7. h3 Na5 8. Bg5
b5 9. e5 b4 10. exf6 exf6 11. Be3 bxc3 12. bxc3 Ba6 13. Nd2 f5 14. Qf3 c5 15.
Bd5 Rc8 16. g4 cxd4 17. cxd4 f4 18. Qxf4 Rxc2 19. f3 Qd7 20. Rb1 Qa4 21. Kf2
Bc4 22. Be4 Rxa2 23. Qxd6 Nb3 24. Rhd1 Qa5 25. Qf4 Nxd4 26. Rb8 Ne6 27. Rxf8+
Bxf8 28. Qb8 Bd5 29. Kg3 Ra3 30. Bh6 Qc7+ 31. Qxc7 Nxc7 32. Bf4 Bxe4 33. Nxe4
Ne6 34. Nf6+ Kg7 35. Be5 Ra5 36. Bc3 Ra3 37. Ne4+ Kg8 1/2-1/2

[Event "12ème Open International de NANTES"]
[Site "Nantes - France"]
[Date "2013.12.28"]
[Round "3.2"]
[White "Kunin, Vitaly"]
[Black "Otmani, Kamel"]
[Result "1-0"]
[WhiteElo "2552"]
[BlackElo "2105"]
[PlyCount "63"]
[EventDate "2013.??.??"]

1. d4 d5 2. c4 e6 3. Nc3 Nf6 4. Bg5 Be7 5. e3 O-O 6. Nf3 Nbd7 7. Qc2 c6 8. Bd3
dxc4 9. Bxc4 Nd5 10. Bxe7 Qxe7 11. O-O Nxc3 12. Qxc3 c5 13. Rfd1 cxd4 14. Nxd4
Nb6 15. Bb3 Bd7 16. Qc7 Rab8 17. Qe5 Qf6 18. Qa5 Ra8 19. Rac1 e5 20. Ne2 Bc6
21. Ng3 g6 22. Rd2 h5 23. Nf1 h4 24. h3 Rfe8 25. Rcd1 Kg7 26. f3 Qe7 27. e4 Nd7
28. Rd6 a6 29. Ne3 Nf6 30. Qd2 Bxe4 31. fxe4 Nxe4 32. Nf5+ 1-0

[Event "12ème Open International de NANTES"]
[Site "Nantes - France"]
[Date "2013.12.28"]
[Round "3.3"]
[White "Kurayan, Ruslan"]
[Black "Koziak, Vitali"]
[Result "0-1"]
[WhiteElo "2393"]
[BlackElo "2486"]
[PlyCount "90"]
[EventDate "2013.??.??"]

1. e4 e5 2. Nf3 Nc6 3. d4 exd4 4. Nxd4 Bb4+ 5. c3 Bc5 6. Be3 Bb6 7. Qg4 Qf6 8.
Qg3 d6 9. Nb5 Bxe3 10. Qxe3 Qe7 11. Nd2 Nf6 12. Be2 a6 13. Nd4 O-O 14. O-O Re8
15. Rae1 Bd7 16. Bd1 Nxd4 17. cxd4 c5 18. dxc5 dxc5 19. f4 Bb5 20. Be2 Rad8 21.
e5 Nd5 22. Qg3 f5 23. Bc4 Bc6 24. Nf3 b5 25. Bb3 Rf8 26. Kh1 c4 27. Bc2 Nb4 28.
Bb1 Nd3 29. Re2 b4 30. Rd2 Be4 31. Ng5 h6 32. Nh3 Nc5 33. Rxd8 Rxd8 34. Nf2
Bxb1 35. Rxb1 Qd7 36. h3 Qd2 37. Qg6 Qxf2 38. e6 Qe2 39. Qf7+ Kh8 40. e7 Rg8
41. Rc1 Qe6 42. Qf8 Nd7 43. Qd8 Nf6 44. Rd1 Re8 45. Rd6 Qe1+ 0-1

[Event "12ème Open International de NANTES"]
[Site "Nantes - France"]
[Date "2013.12.28"]
[Round "3.4"]
[White "Colin, Vincent"]
[Black "Marie, Fred"]
[Result "1-0"]
[WhiteElo "2413"]
[BlackElo "1693"]
[PlyCount "33"]
[EventDate "2013.??.??"]

1. e4 c5 2. d4 b6 3. d5 d6 4. c4 g6 5. f4 Bg7 6. Bd3 e6 7. Nf3 Ne7 8. O-O O-O
9. Nc3 Na6 10. dxe6 fxe6 11. a3 Bb7 12. Ng5 Nc7 13. Qg4 Bc8 14. Qg3 d5 15. exd5
exd5 16. Nxd5 Nexd5 17. Nxh7 1-0

[Event "12ème Open International de NANTES"]
[Site "Nantes - France"]
[Date "2013.12.28"]
[Round "3.7"]
[White "Collinet, Nicolas"]
[Black "Le Borgne, Pierre"]
[Result "0-1"]
[WhiteElo "1669"]
[BlackElo "2257"]
[Annotator "Violeau,Jean-Luc"]
[PlyCount "98"]
[EventDate "2013.??.??"]

1. d4 d6 2. c4 f5 3. Nc3 Nf6 4. Nf3 g6 5. e3 Bg7 6. Be2 O-O 7. O-O c6 8. Rb1
Qe8 9. b3 Na6 10. Bb2 Nc7 11. Qc2 Bd7 12. Rfe1 b5 13. cxb5 cxb5 14. Rbc1 a5 15.
Nb1 Ncd5 16. a3 h6 17. Nfd2 Qf7 18. Bf3 Ra7 19. Nc3 Nc7 20. Ncb1 Ne6 21. Qd1
Nd8 22. Qe2 g5 23. Qd3 Nh5 24. Rc2 g4 25. Be2 Ne6 26. Rec1 Qe8 27. Bf1 Qb8 28.
Be2 Qe8 29. Bf1 Qa8 30. Be2 Nef4 31. exf4 Nxf4 32. Bf3 Nxd3 33. Bxa8 Raxa8 34.
Rd1 {(=)} Nxb2 35. Rxb2 Bxd4 36. Rc2 Bf6 37. Nf1 Rac8 38. Rdc1 Rxc2 39. Rxc2
Be6 40. Nbd2 Kf7 41. Ne3 Bd4 42. Kf1 Bc5 43. Ra2 a4 44. Rb2 Bxa3 45. Rb1 Bb4
46. Ke2 a3 47. Nd1 Rc8 48. Ne3 f4 49. Nef1 Rc2 0-1

[Event "12ème Open International de NANTES"]
[Site "Nantes - France"]
[Date "2013.12.28"]
[Round "3.8"]
[White "Le Goff, Ronan"]
[Black "Hosni, Elias"]
[Result "1-0"]
[WhiteElo "2189"]
[BlackElo "1543"]
[PlyCount "77"]
[EventDate "2013.??.??"]

1. d4 Nf6 2. Nf3 g6 3. Nc3 d6 4. e4 Bg7 5. Be3 Nc6 6. d5 Ne5 7. Nxe5 dxe5 8.
Qd2 Ng4 9. Bg5 h6 10. Bh4 a6 11. Rd1 O-O 12. Be2 Nf6 13. Bg3 Ne8 14. O-O Nd6
15. f4 exf4 16. Qxf4 e5 17. dxe6 Bxe6 18. e5 g5 19. Qf2 c5 20. Rxd6 Qxd6 21.
exd6 Bd4 22. Qxd4 cxd4 23. Na4 Rac8 24. Bd3 Rc6 25. b3 f5 26. Be5 b5 27. Nb2
Rd8 28. a4 Rdc8 29. axb5 axb5 30. Ra1 Rc5 31. Bxd4 Rd5 32. c3 Rxd6 33. b4 Rd5
34. Ra7 Rd7 35. Ra6 Bc4 36. Nxc4 bxc4 37. Bxf5 Rxd4 38. cxd4 Rb8 39. Be6+ 1-0